Most Spoken Languages In The Netherlands - Statistics

General Stats
  • This quiz has been taken 91 times
  • The average score is 4 of 5
Answer Stats
Hint Answer % Correct
1 Dutch
100%
2 English
98%
5 French
97%
4 German
97%
3 Frisian
48%
No matching quizzes found
Score Distribution
Percent of People with Each Score
Percentile by Number Answered
Your Score History
You have not taken this quiz